01322nas a2200385 4500001001300000003000900013005001700022007000300039008003400042040005400076041000900130072001300139100001700152100001700169100001500186100001800201100002300219100002100242100001800263100002100281100001800302100001900320245010300339650001100442650003500453650001500488650001600503650001500519773009100534856007700625909004000702942001800742999001900760952015700779BR2019000930BR-BrBNA20231205131745.0ta230509b bl.|||p| |||| 00| 00por d aBR-BrBNAbporcBiblioteca Nacional de Agricultura a(En) aQ04; F301 aBorges, C.V.1 aAmorim, E.P.1 aLeonel, M.1 aGomez, H.A.G.1 aSantos, T.P.R. dos1 aLedo, C.A. da S.1 aBelin, M.A.F.1 aAlmeida, S.L. de1 aMinatel, I.O.1 aLima, G.P.P. 1 aPost-harvest physicochemical profile and bioactive compounds of 19 bananas and plantains genotypes aBANANA aPROPRIEDADE FÍSICO-QUÍMICA aVITAMINA C aCAROTENOIDE aGENÓTIPO0 tBragantia (Brazil)xISSN 1678-4499 g(Apr-Jun 2019), v. 78(2) p. 284-296wBR201900093040uhttp://www.scielo.br/pdf/brag/v78n2/0006-8705-brag-1678-449920180252.pdf a202311bLúciac55dLúcia Elande 2AGRISn0cANA c256510d256510 002AGRIS4071a41918b41918cPeriódicos Agrícolash(Apr-Jun 2019), v. 78(2) p. 284-296l0r2023-11-29t01yCRePortaria Interministerial nº 164/94